000 00264nam a2200109 4500
999 _c166754
_d166754
082 _a
_b
100 _aNoorjahan Begum
245 _aKrishna bhakth muzalman kavi/
_cby Noorjahan Begum.
260 _aMathura:
_bJawahar Pustakalaya,
_c
650 _a
942 _cBK